000 00788nam a22001577a 4500
003 OSt
005 20150918173740.0
008 150918b xxu||||| |||| 00| 0 eng d
040 _cRUA
082 _aAGR KAO 2005 B032 Or.1
100 _9806
_aKAO VANNRITH
245 _acomparison of liquid compost fertilizer rate on green mustard (Brassica Juncea) Under condition of the royal university of agriculture,(ប្រៀបធៀបកំរិតកំហាប់ជីកំប៉ុស្តទឹកលើការលូតលាស់ដំនាំស្ពៃខៀវ ក្នុងលក្ខខណ្ឌសាកលវិទ្យាល័យភូមិន្ទកសិកម្ម)
260 _aphnom penh
_bRUA
_c2005
300 _axii,48p.
_cill.
_g29cm.
942 _2ddc
_cAGR
999 _c778
_d778